000 00656nam a2200205Ia 4500
003 GCL
008 140319s9999 xx 000 0 ara d
020 _a9134510977
040 _aGCL /
_cGCL
082 0 4 _a746.92
_bع م
100 1 _aعلية عابدين
245 1 0 _aموسوعة تطور أزياء العالم عبر العصور /
_cعلية عابدين
250 _aالاولى
260 _aالقاهرة :
_bدار الفكر العربى ،
_c2001
300 _a272 ص ؛
_c28 سم
650 0 4 _aالعادات والتقاليد
650 0 4 _aالازياء - تاريخ
650 0 4 _aارتداء الملابس
942 _2ddc
_cBK
999 _c5449
_d5449